[Event "Preinscritos IRT Online"]
[White "Jimenez Gaibor, Octavio"]
[Black "Quizhpi Landi, Andy Ariel"]
[Site "Chess.com INT"]
[Round "3"]
[Result "1-0"]
[Date "2020.12.26"]
[WhiteElo "1781"]
[BlackElo "1382"]
[PlyCount "75"]
[EventDate "2020.12.26"]
[EventType "swiss"]
[EventRounds "11"]
[EventCountry "ECU"]
[SourceTitle "CBM 200 Extra"]
[Source "ChessBase"]
[SourceDate "2021.03.31"]
[SourceVersion "1"]
[SourceVersionDate "2021.03.31"]
[SourceQuality "1"]

1. e4 e5 2. Bc4 Nc6 3. Nf3 Bc5 4. d3 Nf6 5. h3 h6 6. Nc3 0-0 7. a3 a6 8. Bd2 Re8 9. 0-0 d6 10. Ba2 b5 11. Kh1 Bb7 12. Nh2 Ne7 13. f4 exf4 14. Bxf4 d5 15. e5 Nh7 16. d4 Bb6 17. Ne2 c5 18. c3 cxd4 19. cxd4 Rc8 20. Be3 Ng5 21. Nc3 Ba5 22. b4 Bb6 23. Qd2 Qc7 24. Rac1 Qd7 25. Qf2 Ne4 26. Nxe4 dxe4 27. Bxf7+ Kh8 28. Bxe8 Rxe8 29. Ng4 Ng6 30. Qg3 Bc7 31. h4 Bb6 32. Nxh6 Bxd4 33. Bxd4 Qxd4 34. Qxg6 Qd7 35. Rf7 Qxf7 36. Qxf7 gxh6 37. Qxe8+ Kg7 38. Rc7# 1-0

[Event "Preinscritos IRT Online"]
[White "Quizhpi Landi, Andy Ariel"]
[Black "Chungandro Recalde, Kevin Sebastian"]
[Site "Chess.com INT"]
[Round "8"]
[Result "1-0"]
[Date "2020.12.26"]
[WhiteElo "1382"]
[BlackElo "1011"]
[PlyCount "77"]
[EventDate "2020.12.26"]
[EventType "swiss"]
[EventRounds "11"]
[EventCountry "ECU"]
[SourceTitle "CBM 200 Extra"]
[Source "ChessBase"]
[SourceDate "2021.03.31"]
[SourceVersion "1"]
[SourceVersionDate "2021.03.31"]
[SourceQuality "1"]

1. e4 e5 2. Nf3 Nc6 3. Bc4 Nf6 4. Nc3 Bc5 5. 0-0 d6 6. Re1 0-0 7. d3 Bg4 8. h3 Bxf3 9. Qxf3 h6 10. a4 a6 11. Nd5 Nxd5 12. Bxd5 Nb4 13. Qd1 Nxd5 14. exd5 c6 15. dxc6 bxc6 16. c3 Ba7 17. Be3 c5 18. d4 cxd4 19. cxd4 Bxd4 20. Bxd4 exd4 21. Qxd4 Re8 22. Rxe8+ Qxe8 23. Qxd6 Rd8 24. Qxa6 Kh7 25. Qc4 Qe5 26. Qc2+ g6 27. a5 Ra8 28. a6 Ra7 29. Ra3 Qb5 30. Qa4 Qxb2 31. Ra2 Qb1+ 32. Kh2 Qb8+ 33. g3 Qb6 34. Kg2 Qc5 35. Rc2 Qd5+ 36. Kh2 h5 37. Rc8 Qd7 38. Qxd7 Rxd7 39. Ra8 1-0

[Event "Preinscritos IRT Online"]
[White "Quizhpi Landi, Andy Ariel"]
[Black "Sanchez Villarreal, Dario Andres"]
[Site "Chess.com INT"]
[Round "2"]
[Result "1-0"]
[Date "2020.12.26"]
[WhiteElo "1382"]
[BlackElo "776"]
[PlyCount "43"]
[EventDate "2020.12.26"]
[EventType "swiss"]
[EventRounds "11"]
[EventCountry "ECU"]
[SourceTitle "CBM 200 Extra"]
[Source "ChessBase"]
[SourceDate "2021.03.31"]
[SourceVersion "1"]
[SourceVersionDate "2021.03.31"]
[SourceQuality "1"]

1. e4 d6 2. Nf3 Nc6 3. Bc4 Nf6 4. Ng5 Bg4 5. f3 h6 6. Nxf7 Kd7 7. Nxd8 Rxd8 8. fxg4 Nxe4 9. Qf3 Kc8 10. Qxe4 e5 11. Be6+ Kb8 12. Nc3 Re8 13. Qf5 Nd4 14. Qe4 Nxc2+ 15. Qxc2 Rxe6 16. 0-0 d5 17. Nxd5 b6 18. Qxc7+ Ka8 19. Rf7 Bc5+ 20. Ne3 Bxe3+ 21. dxe3 Rf6 22. Qxa7# 1-0